Effect of urea super granule application on growth, yield attributes and yield of T.aman rice / (Record no. 9205)

MARC details
000 -LEADER
fixed length control field 01074nam a22002657a 4500
001 - CONTROL NUMBER
control field BD-DhSAU 9205
003 - CONTROL NUMBER IDENTIFIER
control field BD-DhSAU
005 - DATE AND TIME OF LATEST TRANSACTION
control field 20181208110808.0
008 - FIXED-LENGTH DATA ELEMENTS--GENERAL INFORMATION
fixed length control field 150619b2010 bg a||||r|||| 000 0 eng d
040 ## - CATALOGING SOURCE
Original cataloging agency BD-DhSAU
082 ## - DEWEY DECIMAL CLASSIFICATION NUMBER
Edition number 22
Classification number 630
Item number Ah52
100 ## - MAIN ENTRY--PERSONAL NAME
Personal name Ahmed, K. M. Shahabuddin
Relator term Registration no. # 04-01332
245 ## - TITLE STATEMENT
Title Effect of urea super granule application on growth, yield attributes and yield of T.aman rice /
Remainder of title MS Thesis
Statement of responsibility, etc. by K. M. Shahabuddin Ahmed
260 ## - PUBLICATION, DISTRIBUTION, ETC. (IMPRINT)
Place of publication, distribution, etc. Sher-e- Bangla Agricultural University :
Name of publisher, distributor, etc. Department of Agronomy,
Date of publication, distribution, etc. 2010.
300 ## - PHYSICAL DESCRIPTION
Extent viii, 77 p. :
Other physical details ill. ;
Dimensions 30 cm.
500 ## - GENERAL NOTE
General note MS thesis of Department of Agronomy, Faculty of Agriculture, Sher-e-Bangla Agricultural University, Dhaka, Bangladesh <br/>
590 ## - Name of Cataloguer
Name of Cataloger joy
650 ## - SUBJECT ADDED ENTRY--TOPICAL TERM
Topical term or geographic name as entry element Agronomy
650 ## - SUBJECT ADDED ENTRY--TOPICAL TERM
Topical term or geographic name as entry element T.aman rice
650 ## - SUBJECT ADDED ENTRY--TOPICAL TERM
Topical term or geographic name as entry element Urea super granule application
700 ## - ADDED ENTRY--PERSONAL NAME
Personal name Ullah, Md. Jafar
Relator term Supervisor
700 ## - ADDED ENTRY--PERSONAL NAME
Personal name Sardar, Md. Sadrul Anam
Relator term Co-Supervisor
856 ## - ELECTRONIC LOCATION AND ACCESS
Uniform Resource Identifier <a href="http://archive.saulibrary.edu.bd:8080/xmlui/handle/123456789/908">http://archive.saulibrary.edu.bd:8080/xmlui/handle/123456789/908</a>
942 ## - ADDED ENTRY ELEMENTS (KOHA)
Source of classification or shelving scheme Dewey Decimal Classification
Koha item type MS Level Thesis
Holdings
Withdrawn status Lost status Source of classification or shelving scheme Damaged status Not for loan Collection code Home library Branch Name Shelving location Date acquired Total Checkouts Full call number Barcode Date last seen Price effective from Koha item type
    Dewey Decimal Classification   Not For Loan Reference SAU Library SAU Library Reference 19/06/2015   630 Ah52 37146 19/06/2015 19/06/2015 MS Level Thesis